| 000 | 00646nam a2200193 a 4500 | ||
|---|---|---|---|
| 005 | 20240911063828.0 | ||
| 008 | 991125s1965 mx 000 0 spa u | ||
| 035 | _aUPN01000010721 | ||
| 049 | _aSEP | ||
| 050 | 4 |
_aLC149 _bS4.2 |
|
| 111 | 2 |
_aSeminario Iberoamericano de Alfabetización _d(1964 : _cMadrid) |
|
| 245 | 1 | 0 | _aConclusiones y recomendaciones. |
| 260 |
_aMéxico : _bSEP, Dirección General de Alfabetización y Educación Extraescolar, _c1965. |
||
| 300 | _a57 p. | ||
| 440 | 0 |
_aDocumentos de estudio ; _v2 |
|
| 650 | 4 |
_aAnalfabetismo _zAmérica Latina _94903 |
|
| 650 | 4 |
_aANALFABETISMO - _zESPAÑA - _vCONGRESOS _94917 |
|
| 905 | _aLibro | ||
| 999 |
_c10721 _d10721 |
||